<?xml version="1.0" encoding="UTF-8"?>
<record
    xmlns:xsi="http://www.w3.org/2001/XMLSchema-instance"
    xsi:schemaLocation="http://www.loc.gov/MARC21/slim http://www.loc.gov/standards/marcxml/schema/MARC21slim.xsd"
    xmlns="http://www.loc.gov/MARC21/slim">

  <leader>03411cam a22003614a 4500</leader>
  <datafield tag="999" ind1=" " ind2=" ">
    <subfield code="c">7074</subfield>
    <subfield code="d">7074</subfield>
  </datafield>
  <controlfield tag="001">12831132</controlfield>
  <controlfield tag="003">GBCCL</controlfield>
  <controlfield tag="005">20241126110618.0</controlfield>
  <controlfield tag="008">020625s2002    ilu      b    001 0 eng  </controlfield>
  <datafield tag="010" ind1=" " ind2=" ">
    <subfield code="a">  2002009836</subfield>
  </datafield>
  <datafield tag="020" ind1=" " ind2=" ">
    <subfield code="a">0802408826</subfield>
  </datafield>
  <datafield tag="040" ind1=" " ind2=" ">
    <subfield code="a">DLC</subfield>
    <subfield code="c">DLC</subfield>
    <subfield code="d">DLC</subfield>
  </datafield>
  <datafield tag="042" ind1=" " ind2=" ">
    <subfield code="a">pcc</subfield>
  </datafield>
  <datafield tag="050" ind1="0" ind2="0">
    <subfield code="a">BS2725.53</subfield>
    <subfield code="b">.M33 2002</subfield>
  </datafield>
  <datafield tag="082" ind1="0" ind2="0">
    <subfield code="a">255.77</subfield>
    <subfield code="2">21</subfield>
    <subfield code="b">MAC</subfield>
  </datafield>
  <datafield tag="100" ind1="1" ind2=" ">
    <subfield code="a">MacArthur, John,</subfield>
    <subfield code="d">1939-</subfield>
    <subfield code="9">1165</subfield>
  </datafield>
  <datafield tag="245" ind1="1" ind2="0">
    <subfield code="a">1 &amp; 2 Thessalonians /</subfield>
    <subfield code="c">by John MacArthur, Jr.</subfield>
  </datafield>
  <datafield tag="246" ind1="3" ind2=" ">
    <subfield code="a">First and Second Thessalonians</subfield>
  </datafield>
  <datafield tag="246" ind1="3" ind2=" ">
    <subfield code="a">1st and 2nd Thessalonians</subfield>
  </datafield>
  <datafield tag="260" ind1=" " ind2=" ">
    <subfield code="a">Chicago :</subfield>
    <subfield code="b">Moody Press,</subfield>
    <subfield code="c">c2002.</subfield>
  </datafield>
  <datafield tag="300" ind1=" " ind2=" ">
    <subfield code="a">viii, 351 p. ;</subfield>
    <subfield code="c">24 cm.</subfield>
  </datafield>
  <datafield tag="490" ind1="1" ind2=" ">
    <subfield code="a">The MacArthur New Testament commentary</subfield>
  </datafield>
  <datafield tag="504" ind1=" " ind2=" ">
    <subfield code="a">Includes bibliographical references and indexes.</subfield>
  </datafield>
  <datafield tag="505" ind1="0" ind2=" ">
    <subfield code="a">Introduction to 1 Thessalonians -- Identifying the elect (1 Thessalonians 1:1-10) -- Fail-proof spiritual leadership (1 Thessalonians 2:1-6) -- Parental pictures of spiritual leadership (1 Thessalonians 2:7-12) -- A people to be glad for, and a people to be sad for (1 Thessalonians 2:13-16) -- Out of sight, but not out of mind (1 Thessalonians 2:17-20) -- The pastor's heart (1 Thessalonians 3:1-10) -- A pastoral prayer (1 Thessalonians 3:11-13) -- Excelling still more (1 Thessalonians 4:1-2) -- Abstaining from sexual sin (1 Thessalonians 4:3-8) -- Shoe-leather faith (1 Thessalonians 4:9-12) -- What happens to Christians who die? (1 Thessalonians 4:13-18) -- The day of the Lord (1 Thessalonians 5:1-3) -- Night people/day people (1 Thessalonians 5:4-11) --  Growing a healthy flock. Part 1. The relationship between shepherds and sheep (1 Thessalonians 5:12-13) -- Growing a healthy flock. Part 2. Dealing with the spiritually needy (1 Thessalonians 5:14-15) -- The sheep's responsibilities to the great shepherd. Part 1. Joyfulness, prayerfulness, and thankfulness (1 Thessalonians 5:16-18) -- The sheep's responsibilities to the great shepherd.  Part 2. Do not quench the spirit; respond to God's Word; be discerning (1 Thessalonians 5:19-22) -- A prayer for complete sanctification (1 Thessalonians 5:23-24) -- Paul's final requests (1 Thessalonians 5:25-28) -- Introduction to 2 Thessalonians -- A church to be proud of (2 Thessalonians 1:1-5) -- The  vengeance of the Lord Jesus (2 Thessalonians 1:6-10) -- Praying for the right things (2 Thessalonians 1:11-12) -- How to be ready for the end times. Part 1. Remember what you know (2 Thessalonians 2:1-5) -- How to be ready for the end times. Part 2. Be strong and courageous (2 Thessalonians 2:6-17) -- What the pastor desires from his people (2 Thessalonians 3:1-5) -- Work : a noble Christian duty (2 Thessalonians 3:6-15) -- A prayer for divine enablement (2 Thessalonians 3:16-18).</subfield>
  </datafield>
  <datafield tag="630" ind1="0" ind2="0">
    <subfield code="a">Bible.</subfield>
    <subfield code="p">Thessalonians</subfield>
    <subfield code="v">Commentaries.</subfield>
    <subfield code="9">8361</subfield>
  </datafield>
  <datafield tag="800" ind1="1" ind2=" ">
    <subfield code="a">MacArthur, John,</subfield>
    <subfield code="d">1939-</subfield>
    <subfield code="t">MacArthur New Testament commentary.</subfield>
    <subfield code="9">12401</subfield>
  </datafield>
  <datafield tag="856" ind1="4" ind2="2">
    <subfield code="3">Publisher description</subfield>
    <subfield code="u">http://www.loc.gov/catdir/enhancements/fy0612/2002009836-d.html</subfield>
  </datafield>
  <datafield tag="856" ind1="4" ind2="1">
    <subfield code="3">Table of contents only</subfield>
    <subfield code="u">http://www.loc.gov/catdir/enhancements/fy1202/2002009836-t.html</subfield>
  </datafield>
  <datafield tag="856" ind1="4" ind2="2">
    <subfield code="3">Contributor biographical information</subfield>
    <subfield code="u">http://www.loc.gov/catdir/enhancements/fy1202/2002009836-b.html</subfield>
  </datafield>
  <datafield tag="906" ind1=" " ind2=" ">
    <subfield code="a">7</subfield>
    <subfield code="b">cbc</subfield>
    <subfield code="c">orignew</subfield>
    <subfield code="d">1</subfield>
    <subfield code="e">ecip</subfield>
    <subfield code="f">20</subfield>
    <subfield code="g">y-gencatlg</subfield>
  </datafield>
  <datafield tag="942" ind1=" " ind2=" ">
    <subfield code="2">ddc</subfield>
    <subfield code="c">REF</subfield>
  </datafield>
  <datafield tag="952" ind1=" " ind2=" ">
    <subfield code="0">0</subfield>
    <subfield code="1">0</subfield>
    <subfield code="2">ddc</subfield>
    <subfield code="4">0</subfield>
    <subfield code="7">0</subfield>
    <subfield code="a">GBC</subfield>
    <subfield code="b">GBC</subfield>
    <subfield code="c">COM</subfield>
    <subfield code="d">2018-07-06</subfield>
    <subfield code="l">0</subfield>
    <subfield code="o">255.77 MAC</subfield>
    <subfield code="p">013062</subfield>
    <subfield code="r">2025-05-01 00:00:00</subfield>
    <subfield code="t">v.23 c.1</subfield>
    <subfield code="w">2018-07-06</subfield>
    <subfield code="y">REF</subfield>
  </datafield>
</record>
